La problemática del aprendizaje : del tiempo cronológico al tiempo logico /

Guardado en:
Autor Principal: Ageno, Raul M.
Formato: Libro
Publicado: Rosario : Universidad Naciónal de Rosario, 1991
Series:Cuadernos de Psicolog¡a y Psic
Materias:
Etiquetas: Agregar Etiqueta
Sin Etiquetas, Sea el primero en etiquetar este registro!
LEADER 00616nam a22001935a 4500
001 CEM.cems007283
005 20060214000000.0
008 130507s1991##################000#0#####d
003 CEMS
082 0 4 |a 371 
100 1 |a Ageno, Raul M. 
245 1 0 |a La problemática del aprendizaje :  |b del tiempo cronológico al tiempo logico / 
260 |a Rosario :  |b Universidad Naciónal de Rosario,  |c 1991 
300 |a 38 p. 
490 0 |a Cuadernos de Psicolog¡a y Psic 
653 |a Educacion 
653 |a Psicología del aprendizaje 
653 |a Psicología educativa 
859 |a CEMS  |b BIB. CEMS - 11 de abril  |h 371  |i Ag36  |p 17130.93  |t Ej.1